• 首页
  • 本馆介绍
  • 公告通知
  • 最新文献
  • 馆藏检索
  • 电子资源
  • 读者导购
  • 参考咨询
  • 我的图书馆
  • 登录
  • 详细信息显示
  • 放入我的书架
  • 预约/预借图书
  • 作者相关作品
  • 分类相关作品
  • 丛书相关作品
  • 出版社相关作品

书目信息

  • 表格格式
  • 工作单格式
  • 卡片格式
题名:
全球构造体系概论
    
 
作者: 康玉柱 编著
分册:  
出版信息: 北京   中国石化出版社  2021.1
页数: 160页
开本: 26cm
丛书名:
单 册:
中图分类: P552
科图分类:
主题词: 地质构造--构造体系--研究--世界
电子资源:
ISBN: 978-7-5114-3700-6
000 00880nam0 2200253 45
001 012001000438
005 20130911143234.0
010    @a978-7-5114-3700-6@b精装@dCNY108.00
100    @a20180625d2018 em y0chiy50 ea
101 0  @achi
102    @aCN@b110000
105    @aa z 000yy
106    @ar
200 1  @a全球构造体系概论@Aquan qiu gou zao ti xi gai lun@b专著@f康玉柱等编著
210    @a北京@c中国石化出版社@d2021.1
215    @a160页@c彩图@d26cm
300    @a国家出版基金项目
314    @a主编: 康玉柱
330    @a本书共11章,内容包括:东西向构造体系、南北向构造体系、北东向构造体系、北北东向构造体系、北西向构造体系、山字型构造体系、旋扭构造体系、构造体系演化特征及复合联合关系等。
606 0  @a地质构造@x构造体系@x研究@y世界
690    @aP552@v5
701  0 @a康玉柱@Akang yu zhu@4编著
801  0 @aCN@bBJSDL@c20211011
905    @b1335231-3@dP552@e173@f3
    
    全球构造体系概论/康玉柱等编著.-北京:中国石化出版社,2021.1
    160页:彩图;26cm
    国家出版基金项目
    
    ISBN 978-7-5114-3700-6(精装):CNY108.00
    本书共11章,内容包括:东西向构造体系、南北向构造体系、北东向构造体系、北北东向构造体系、北西向构造体系、山字型构造体系、旋扭构造体系、构造体系演化特征及复合联合关系等。
●
相关链接 在E读中查询图书 在五车中查询图书 在当当中查询图书 在豆瓣中查询图书


正题名:全球构造体系概论     索取号:P552/173         预约/预借

序号 登录号 条形码 馆藏地/架位号 状态 备注
1 1335231   213352316   第二样本阅览室/ [索取号:P552/173] 在馆    
2 1335232   213352325   第三借阅区/ [索取号:P552/173] 在馆    
3 1335233   213352334   第三借阅区/ [索取号:P552/173] 在馆    
唐山师范学院图书馆 欢迎您!
大连网信软件有限公司© 版权所有